I was always on my mind: (Record no. 4091)

MARC details
000 -LEADER
fixed length control field 00463nam a22001697a 4500
003 - CONTROL NUMBER IDENTIFIER
control field GBCCL
005 - DATE AND TIME OF LATEST TRANSACTION
control field 20241126110510.0
008 - FIXED-LENGTH DATA ELEMENTS--GENERAL INFORMATION
fixed length control field 180110b xxu||||| |||| 00| 0 eng d
020 ## - INTERNATIONAL STANDARD BOOK NUMBER
International Standard Book Number 1852401702
040 ## - CATALOGING SOURCE
Transcribing agency gbc
082 ## - DEWEY DECIMAL CLASSIFICATION NUMBER
Classification number 243
Item number SAM
100 ## - MAIN ENTRY--PERSONAL NAME
Personal name Sampson, Steve
9 (RLIN) 7849
245 ## - TITLE STATEMENT
Title I was always on my mind:
Remainder of title Are we building His kingdom or Ours /
Statement of responsibility, etc. Steve Sampson
260 ## - PUBLICATION, DISTRIBUTION, ETC.
Place of publication, distribution, etc. England:
Name of publisher, distributor, etc. Sovereign World,
Date of publication, distribution, etc. 1996
300 ## - PHYSICAL DESCRIPTION
Extent 158 p.;
Dimensions 21 cm.
942 ## - ADDED ENTRY ELEMENTS (KOHA)
Source of classification or shelving scheme Dewey Decimal Classification
Koha item type Books
Holdings
Withdrawn status Lost status Source of classification or shelving scheme Damaged status Not for loan Home library Current Library Shelving location Date acquired Total checkouts Full call number Barcode Date last seen Copy number Price effective from Koha item type
    Dewey Decimal Classification     GRACE BIBLE COLLEGE GRACE BIBLE COLLEGE Ministry & Mission 2018-01-10   243 SAM 007839 2025-05-01 c.1 2018-01-10 Books
    Dewey Decimal Classification     GRACE BIBLE COLLEGE GRACE BIBLE COLLEGE Ministry & Mission 2018-01-11   243 SAM 007840 2025-05-01 c.2 2018-01-11 Books
    Dewey Decimal Classification     GRACE BIBLE COLLEGE GRACE BIBLE COLLEGE Ministry & Mission 2018-01-11   243 SAM 007841 2025-05-01 c.3 2018-01-11 Books
    Dewey Decimal Classification     GRACE BIBLE COLLEGE GRACE BIBLE COLLEGE Ministry & Mission 2018-02-28   243 SAM 007842 2025-05-01 c.4 2018-02-28 Books
© Grace Bible College Library 2025